បទដ្ឋាន និងច្បាប់នៃផលិតផលកសិកម្ម (Record no. 8495)
[ view plain ]
| 000 -LEADER | |
|---|---|
| fixed length control field | 00295nam a22001097a 4500 |
| 040 ## - CATALOGING SOURCE | |
| Transcribing agency | sy |
| 082 ## - DEWEY DECIMAL CLASSIFICATION NUMBER | |
| Classification number | 330 |
| 100 ## - MAIN ENTRY--AUTHOR NAME | |
| Personal name | ឯក សុភាព |
| 245 ## - TITLE STATEMENT | |
| Title | បទដ្ឋាន និងច្បាប់នៃផលិតផលកសិកម្ម |
| 260 ## - PUBLICATION, DISTRIBUTION, ETC. (IMPRINT) | |
| Place of publication | RUA |
| Name of publisher | ឯក |
| Year of publication | 2011 |
| 942 ## - ADDED ENTRY ELEMENTS (KOHA) | |
| Koha item type | សៀវភៅភាសាខ្មែរ |
| 952 ## - LOCATION AND ITEM INFORMATION (KOHA) | |
| Withdrawn status [LOCAL, KOHA] | 0 |
| 952 ## - LOCATION AND ITEM INFORMATION (KOHA) | |
| Withdrawn status [LOCAL, KOHA] | 0 |
| Permanent Location | Date acquired | Koha item type | Lost status | Shelving location | Barcode | Current Location | Full call number |
|---|---|---|---|---|---|---|---|
| Library Block C | 2016-08-03 | សៀវភៅភាសាខ្មែរ | C193 | RUA062620 | Library Block C | 330 ឯក 2011 C193 | |
| Library Block C | 2016-09-05 | សៀវភៅភាសាខ្មែរ | C197 | RUA042956 | Library Block C | 330 ឯក 2011 C197 |